00811cam a22002533a 450000100060000000300060000600500170001200800410002904000150007004200070008505000070009210000200009924501280011926000290024750600300027651600200030665300380032665300220036483000290038685600420041594200070045799900190046495200740048313397PGUSA20140828083304.0040908s2004||||xxu|||||s|||||000 | eng d aPGUSAbeng adc 4aHD1 aShaw, Robert B.10aHistory of the Comstock Patent Medicine Business and Dr. Morse's Indian Root Pillsh[electronic resource] /cRobert B. Shaw bProject Gutenberg,c2004 aPublic domain in the USA. aElectronic text aPatent medicines -- United States aW.H. Comstock Co. 0aProject Gutenbergv1339740uhttp://www.gutenberg.org/ebooks/13397 cEB c242652d242652 001040aGTBbGTBd2014-08-28l0r2014-08-28 00:00:00w2014-08-28yEB